Estatísticas para Quem clica mais rápido?

Clique aqui para jogar o quiz

Estatísticas Gerais

  • Esse quiz foi jogado 4 215 vezes
  • A pontuação média é 39 de 250

Estatísticas das Respostas

HintResposta% Correto
0010
98%
0021
85%
0030
69%
0041
63%
0050
62%
0061
61%
0070
60%
0081
59%
0090
58%
0110
57%
0101
57%
0121
55%
0130
54%
0141
53%
0150
52%
0161
52%
0170
51%
0181
50%
0190
49%
0210
49%
0201
49%
0230
48%
0221
48%
0241
47%
0250
46%
0261
46%
0270
45%
0290
44%
0281
44%
0301
43%
0310
42%
0330
41%
0321
41%
0350
40%
0341
40%
0361
40%
0370
39%
0381
39%
0390
38%
0401
38%
0410
37%
0421
37%
0430
36%
0450
36%
0441
36%
0470
35%
0461
35%
0490
34%
0481
34%
0501
34%
0510
33%
0521
33%
0530
32%
0550
32%
0541
32%
0561
31%
0570
30%
0581
30%
0590
29%
0610
29%
0601
29%
0621
28%
0630
27%
0650
27%
0641
27%
0661
26%
0670
25%
0681
25%
0690
24%
0701
24%
0710
23%
0730
22%
0721
22%
0741
22%
0750
21%
0770
21%
0761
21%
0790
20%
0801
20%
0781
20%
0810
19%
0821
19%
0830
18%
0850
18%
0870
18%
0841
18%
0861
18%
0881
18%
0901
18%
0890
17%
0910
17%
0921
17%
0950
16%
0930
16%
0961
16%
0941
16%
0970
15%
0981
15%
0990
14%
1001
14%
1010
13%
1021
13%
1030
12%
1041
12%
1070
11%
1090
11%
1050
11%
1061
11%
1081
11%
1110
10%
1130
10%
1101
10%
1121
10%
1141
10%
1170
9%
1150
9%
1161
9%
1190
8%
1210
8%
1181
8%
1201
8%
1250
7%
1230
7%
1261
7%
1241
7%
1221
7%
1270
6%
1290
6%
1310
6%
1330
6%
1281
6%
1301
6%
1321
6%
1350
5%
1341
5%
1361
5%
1390
4%
1370
4%
1401
4%
1381
4%
1410
3%
1430
3%
1450
3%
1470
3%
1421
3%
1441
3%
1461
3%
1550
2%
1490
2%
1590
2%
1510
2%
1570
2%
1530
2%
1561
2%
1581
2%
1541
2%
1521
2%
1501
2%
1481
2%
1650
1%
1690
1%
1670
1%
1610
1%
1630
1%
1641
1%
1621
1%
1661
1%
1681
1%
1601
1%
2070
0%
1970
0%
1990
0%
2350
0%
2370
0%
2010
0%
2030
0%
2330
0%
2050
0%
2270
0%
2310
0%
2090
0%
2110
0%
2290
0%
2130
0%
2150
0%
2170
0%
2190
0%
2250
0%
2210
0%
1930
0%
1950
0%
2470
0%
2390
0%
1830
0%
2450
0%
1750
0%
1790
0%
2230
0%
1810
0%
1730
0%
2430
0%
1770
0%
1850
0%
2410
0%
1870
0%
1710
0%
1890
0%
2490
0%
1910
0%
2281
0%
2481
0%
2261
0%
2441
0%
2461
0%
2301
0%
2381
0%
2321
0%
2421
0%
2341
0%
2361
0%
2401
0%
2241
0%
1881
0%
2221
0%
1941
0%
1701
0%
1721
0%
1741
0%
1761
0%
1781
0%
1801
0%
1821
0%
1841
0%
1861
0%
1901
0%
1921
0%
1961
0%
2201
0%
1981
0%
2001
0%
2021
0%
2041
0%
2061
0%
2081
0%
2101
0%
2121
0%
2141
0%
2161
0%
2181
0%
2501
0%

Distribuição das Pontuações

Percentil de Números Respondidos

Porcentagem de Pessoas com Cada Pontuação

Sua Pontuação Histórica

Você não jogou esse quiz